000 00411nam a22001697a 4500
003 MPLRDC
005 20220104124214.0
008 210129b ||||| |||| 00| 0 eng d
082 _a805.138 JXY
100 _a金学镛编译
245 _a英语谚语集锦
_c
250 _a一版一刷
260 _a
_b吉林教育出版社
_c1985
300 _b
650 _a英文谚语
942 _cBK
_o805.138 JXY
999 _c17465
_d17455